Zlúčenie, splynutie a rozdelenie obchodných spoločností bakalárska práca

Na minha lista:
Detalhes bibliográficos
Autor principal: Krško, Miroslav
Autor Corporativo: Fakulta podnikového manažmentu EU. Katedra podnikovohospodárska
Outros Autores: Fabian, Peter
Formato: Livro
Idioma:eslovaco
Publicado em: Bratislava 2009
Tags: Adicionar Tag
Sem tags, seja o primeiro a adicionar uma tag!

MARC

LEADER 00000nam$a2200000$$$4500
001 0102011
005 20240319130355.5
041 0 |a slo 
044 |a SK 
245 1 0 |a Zlúčenie, splynutie a rozdelenie obchodných spoločností  |b bakalárska práca  |c Miroslav Krško ; škol. Peter Fabian 
264 1 |a Bratislava  |c 2009 
300 |a 37 s. 
100 1 |a Krško, Miroslav 
700 1 |a Fabian, Peter 
710 2 |a Fakulta podnikového manažmentu EU. Katedra podnikovohospodárska